El contrato en general: comentarios a la sección primera del libro VII del Código Civil

Gespeichert in:
Bibliographische Detailangaben
1. Verfasser: Puente y Lavalle, Manuel de la (VerfasserIn)
Format: Buch
Sprache:Spanisch
Veröffentlicht: Lima Palestra Editores 2001
Ausgabe:2a. ed
Schlagworte:
Tags: Tag hinzufügen
Keine Tags, Fügen Sie den ersten Tag hinzu!

MARC

LEADER 00000cam a2200000 a 4500
001 UCD6774
003 CL-VaPUC
008 170119e20010000pe |||||||||||||||||spa|d
020 |a 9972733262 
082 0 4 |a 346.8502  |b PUE  |2 21 
100 0 |a Puente y Lavalle, Manuel de la  |e author  |9 590590 
245 1 3 |a El contrato en general: comentarios a la sección primera del libro VII del Código Civil 
250 |a 2a. ed 
300 |a t 
942 |c BK 
945 |d 20170119 14:29:00  |a dcastane 
260 |a Lima  |b Palestra Editores  |c 2001 
650 0 |a Contratos  |9 255153 
650 0 |a Derecho comercial   |9 256340 
650 0 |a Sociedades anónimas  |9 255387 
650 0 |a Sociedades comerciales   |9 257290 
650 0 |a Fuentes del derecho   |9 255162 
583 |a last modification  |c 20170119 14:29:00  |k Rodrigo Vera 
999 |c 366956  |d 366954 
952 |0 0  |1 0  |3 erd  |4 0  |6 346_850200000000000_PUE_2001  |7 0  |8 A  |9 481626  |a BIBDER  |b BIBDER  |h t.1  |i 5360528  |o 346.8502 PUE 2001  |p 5360528  |r 2023-01-25  |w 2019-11-24  |y BK  |z Catalogado en:20170119  |k DER 
952 |0 0  |1 0  |3 erd  |4 0  |6 346_850200000000000_PUE_2001  |7 0  |8 A  |9 481627  |a BIBDER  |b BIBDER  |h t.2  |i 5360536  |o 346.8502 PUE 2001  |p 5360536  |r 2023-01-25  |w 2019-11-24  |y BK  |z Catalogado en:20170119  |k DER 
952 |0 0  |1 0  |3 erd  |4 0  |6 346_850200000000000_PUE_2001  |7 0  |8 A  |9 481628  |a BIBDER  |b BIBDER  |h t.3  |i 5360544  |o 346.8502 PUE 2001  |p 5360544  |r 2023-01-25  |w 2019-11-24  |y BK  |z Catalogado en:20170119  |k DER